Manchester United - Top 10 Goalscorers by season - Statistics

General Stats
  • This quiz has been taken 278 times
  • The average score is 40 of 57
Answer Stats
Answer % Correct
Bruno Fernandes
100%
Marcus Rashford
99%
Cristiano Ronaldo
97%
Anthony Martial
96%
Wayne Rooney
93%
Zlatan Ibrahimovic
92%
Robin van Persie
91%
Romelu Lukaku
90%
Scott McTominay
89%
Javier Hernandez
88%
Antonio Valencia
87%
Edinson Cavani
87%
Paul Pogba
87%
Casemiro
86%
Alexis Sanchez
85%
Dimitar Berbatov
84%
Harry Maguire
84%
Ryan Giggs
84%
Fred
83%
Juan Mata
82%
Victor Lindelof
82%
Antony
80%
Luke Shaw
79%
Alejandro Garnacho
78%
Ji-sung Park
78%
Nani
78%
Marouane Fellaini
76%
Lisandro Martinez
75%
Shinji Kagawa
73%
Daniel James
72%
Henrikh Mkhitaryan
69%
Mason Greenwood
67%
Paul Scholes
67%
Jadon Sancho
65%
Jonny Evans
65%
Raphael Varane
65%
Ander Herrera
64%
Angel Di Maria
63%
Radamel Falcao
62%
Bastian Schweinsteiger
61%
Jesse Lingard
60%
Memphis Depay
60%
Anthony Elanga
59%
Daley Blind
58%
Matteo Darmian
58%
Patrice Evra
58%
Chris Smalling
56%
Aaron Wan-Bissaka
54%
Danny Welbeck
54%
Ashley Young
53%
Adnan Januzaj
49%
Rafael
47%
Tom Cleverley
34%
Alexander Buttner
20%
James Wilson
17%
Brandon Williams
14%
Josh Harrop
8%
No matching quizzes found
Score Distribution
Percent of People with Each Score
Percentile by Number Answered
Your Score History
You have not taken this quiz